12 stupid things that mess up recovery : (Record no. 608)
[ view plain ]
| 000 -LEADER | |
|---|---|
| fixed length control field | 01350cam a22002898a 4500 |
| 005 - DATE AND TIME OF LATEST TRANSACTION | |
| control field | 20260322212027.0 |
| 008 - FIXED-LENGTH DATA ELEMENTS--GENERAL INFORMATION | |
| fixed length control field | data |
| 010 ## - LIBRARY OF CONGRESS CONTROL NUMBER | |
| LC control number | 2007051075 |
| 020 ## - INTERNATIONAL STANDARD BOOK NUMBER | |
| International Standard Book Number | 9781592854868 (softcover) |
| 020 ## - INTERNATIONAL STANDARD BOOK NUMBER | |
| International Standard Book Number | 1592854869 |
| 040 ## - CATALOGING SOURCE | |
| Original cataloging agency | DLC |
| Transcribing agency | DLC |
| 050 00 - LIBRARY OF CONGRESS CALL NUMBER | |
| Classification number | HV4998 |
| Item number | .B47 2008 |
| 082 00 - DEWEY DECIMAL CLASSIFICATION NUMBER | |
| Classification number | 616.86/03 |
| Edition information | 22 |
| 092 ## - LOCALLY ASSIGNED DEWEY CALL NUMBER (OCLC) | |
| Classification number | 616.86 B47 2008 |
| 001 - CONTROL NUMBER | |
| control field | data |
| 100 1# - MAIN ENTRY--PERSONAL NAME | |
| Personal name | Berger, Allen, |
| Dates associated with a name | 1952- |
| 245 10 - TITLE STATEMENT | |
| Title | 12 stupid things that mess up recovery : |
| Remainder of title | avoiding relapse through self-awareness and right action / |
| Statement of responsibility, etc. | Allen Berger. |
| 246 3# - VARYING FORM OF TITLE | |
| Title proper/short title | Twelve stupid things that mess up recovery |
| 260 ## - PUBLICATION, DISTRIBUTION, ETC. | |
| Place of publication, distribution, etc. | Center City, Minn. : |
| Name of publisher, distributor, etc. | Hazelden, |
| Date of publication, distribution, etc. | 2008. |
| 263 ## - PROJECTED PUBLICATION DATE | |
| Projected publication date | 0803 |
| 300 ## - PHYSICAL DESCRIPTION | |
| Extent | 119 p. |
| 504 ## - BIBLIOGRAPHY, ETC. NOTE | |
| Bibliography, etc. note | Includes bibliographical references. |
| 505 0# - FORMATTED CONTENTS NOTE | |
| Formatted contents note | Believing addiction to one substance is the only problem -- Believing sobriety will fix everything -- Pursuing recovery with less energy than pursuing addiction -- Being selectively honest -- Feeling special and unique -- Not making amends -- Using the program to try to become perfect -- Confusing self-concern with selfishness -- Playing futile self-improvement games -- Not getting help for relationship troubles -- Believing that life should be easy -- Using the program to handle everything. |
| 650 #0 - SUBJECT ADDED ENTRY--TOPICAL TERM | |
| Topical term or geographic name entry element | Addicts |
| General subdivision | Rehabilitation. |
| 650 #0 - SUBJECT ADDED ENTRY--TOPICAL TERM | |
| Topical term or geographic name entry element | Self-help techniques. |
| 650 #0 - SUBJECT ADDED ENTRY--TOPICAL TERM | |
| Topical term or geographic name entry element | Substance abuse |
| General subdivision | Treatment. |
| Withdrawn status | Lost status | Damaged status | Not for loan | Home library | Current library | Shelving location | Date acquired | Total checkouts | Full call number | Barcode | Date last seen | Price effective from | Koha item type |
|---|---|---|---|---|---|---|---|---|---|---|---|---|---|
| Midway | Midway | General stacks | 22/03/2026 | 616.86/03 22 | BC0010623 | 22/03/2026 | 22/03/2026 | Books |